| 000 | 00658cam a2200229 4500 | ||
|---|---|---|---|
| 001 | B3391 | ||
| 008 | 090401t1991 xxu||||| |||| 00| 0 eng d | ||
| 035 | _a(Sirsi) u55796 | ||
| 041 | _aeng | ||
| 050 | _a333.337016 | ||
| 110 |
_aHillier Parker Research _92002 |
||
| 245 | _aSpecialized property : office parks , retail warehouses , market towns , supermarkets (summary). - No. 1 (February 1991) | ||
| 260 |
_aLondon _bHillier Parker May and Rowden _c1991 |
||
| 300 | _a1 sheet ; 30cm. | ||
| 350 | _a5 | ||
| 650 | _aINDICES | ||
| 650 | _aRENT INDEX | ||
| 650 | _aYIELDS | ||
| 710 |
_aInvestors Chronicle _92657 |
||
| 942 | _n0 | ||
| 948 | _c04/03/1997 | ||
| 999 |
_c93652 _d93652 |
||